Qué es el diseño? /

Medio centenar de reflexiones que responden a la pregunta ¿qué es el diseño?, enviadas y compartidas por igual número de profesionales del diseño gráfico desde los cinco puntos del planeta: Alemania, Argentina, Australia, Bolivia, Brasil, Bulgaria, Canadá, Chile, China, Colombia, Cuba, Ecuador, Espa...

ver descrição completa

Na minha lista:
Detalhes bibliográficos
Autor principal: Kunst, Pablo (comp.)
Outros Autores: Fuentes, Rodolfo (introducción) (introducción)
Formato: Livro
Idioma:espanhol
Publicado em: Buenos Aires, Argentina : CommTools, 2005, c2005
Colecção:(Biblioteca CommTools)
Assuntos:
Tags: Adicionar Tag
Sem tags, seja o primeiro a adicionar uma tag!

MARC

LEADER 00000nam^a2200000^a^4500
001 000189863
005 20250521000000.0
009 20260310102429.256
020 |a 987-21632-9-4 
037 |a Acervo ITESO - Biblioteca 
041 |a ESP 
082 |a 741. 601  |b KUN 
100 |a Kunst, Pablo  |e (comp.) 
245 1 0 |a Qué es el diseño? /  |c Comp. y coord. de P. Kunst ; introd. de R. Fuentes ; tr. por Valeria Colonnello, Gabriela Morales. 
264 4 |a Buenos Aires, Argentina :  |b CommTools,  |c 2005, c2005 
300 |a 109 p. 
336 |a texto  |b txt  |2 rdacontenido 
337 |a sin mediación  |b n  |2 rdamedio 
338 |a volumen  |b nc  |2 rdasoporte 
440 1 |a (Biblioteca CommTools) 
520 |a Medio centenar de reflexiones que responden a la pregunta ¿qué es el diseño?, enviadas y compartidas por igual número de profesionales del diseño gráfico desde los cinco puntos del planeta: Alemania, Argentina, Australia, Bolivia, Brasil, Bulgaria, Canadá, Chile, China, Colombia, Cuba, Ecuador, España, Finlandia, Francia, Holanda, Hong Kong, Inglaterra, Italia, México, Sudáfrica, Suiza, Tailandia, Uruguay y Zimbabwe. René Azcuy, Xavier Bermúdez, Felipe Covarrubias, Mauro Kunst, Germán Montalvo, Barbara Paciorek, Antonio Pérez "Ñiko" y Eduardo Téllez son los autores de las contribuciones surgidas desde México. 
649 |a XX 
650 |a Diseño Gráfico -  |x Teoría -  |x Tema Principal 
650 |a Diseño -  |x Teoría -  |x Tema Principal 
650 |a Comunicación Visual 
650 |a Estética 
650 |a Arte 
700 |a Fuentes, Rodolfo  |e (introducción) 
910 |a Fondo General 
920 |a Impresos - Libros 
930 |a Reserva Especial 
905 |a 103 
901 |a 0500132916  |b IT1  |c REE  |u 20250521 
902 |a https://opac.biblio.iteso.mx/vufind/Record/000189863